1767 1652 1811 1202 1553 1525 1874 1905 1642 1614 1826 1545 1161 1391 1387 1118 1033 1713 1614 1515 1826 1303 1625 1266 1762 1378 1528 1395 1589 1617 1504 1130 1506 1383 1759 1287 1938 1284 1798 1831 1431 1148 1131 1649 1330 1696 1000 1372 1670 1627 1653 1013 1505 1153 1848 1864 1192 1238 1555 1043 1152 1719 1567 1659 1847 1666 1201 1090 1977 1009 1228 1102 1884 1745 1227 1323 1528 1532 1134 1332 1478 1481 1676 1385 1817 1476 1266 1465 1920 1589 1999 1527 1955 1622 1249 1069 1951 1406 1122 BCNSPRNW ULIB Ver.6.0+V

เปลี่ยนเป็นภาษาไทย

Change to English
 แสดงรายละเอียดบรรณานุกรม
  กลับหน้าหลัก

Brief Record : Get Marc (ISO 2709) : E-mail record : QR code < ปิดหน้าต่าง
LEADER : 00000nam 2200000uu 4500
001    13399111381
003     ULIB
008    110623s2000||||th 000 0 eng d
020    1556424159
024    6781556424151
060  4 WQ200^bS837 2000
100 1  Stephenson,Rebecca G.
245 10 Obstetric and gynecologic care in physical therapy /^cRebecca G. Stephenson, Linda J. OConnor.
250    2nd ed.
260    Thorofare,N.J.:^bSlack Inc.;^c2000.
300    xvi, 322 p. :^bill. ;^c29 cm.
650  0 Womens Health
650  2 Obstetrics
650  2 Physical therapy^xpregnancy.
650  2 Pregnancy complications, Infectious.
650  2 Physical therapy^xmethods.
700 0  O Connor, Linda J.
945    ^p1355^l0^i012454
995     Kesorn
999 ^a ใช้งานได้ทุกระบบ
รายการนี้ยังไม่มีแท็ก
คุณยังไม่ได้ล็อกอิน คุณสามารถมีกิจกรรมร่วมกับเว็บไซต์ได้ แต่ต้องล็อกอินก่อน ::
  ล็อกอิน

รายการสื่อสารสนเทศ

ลำดับที่ ประเภท เลขเรียก/บาร์โค้ด สถานที่ สถานะ
- ไม่พบข้อมูล -

รายการใกล้เคียง
    หัวเรื่อง [Obstetrics]

BibComment


ยังไม่เคยถูกคอมเมนท์

คอมเมนท์ทรัพยากรรายการนี้
  คอมเมนท์: Obstetric and gyn..


 Copyright 2026. Bcnsprnw @Library